Motor vehicle tax structure: a compilation (Record no. 403253)

000 -LEADER
fixed length control field 00398cam a22001337a 4500
008 - FIXED-LENGTH DATA ELEMENTS--GENERAL INFORMATION
fixed length control field 180718b2002 xxu||||| |||| 00| 0 eng d
082 ## - DEWEY DECIMAL CLASSIFICATION NUMBER
Classification number L26 R141
100 ## - MAIN ENTRY--PERSONAL NAME
Personal name Ramasaamy, N.
245 ## - TITLE STATEMENT
Title Motor vehicle tax structure: a compilation
Statement of responsibility, etc. by N. Ramasaamy and V.A. Kadam
260 ## - PUBLICATION, DISTRIBUTION, ETC.
Place of publication, distribution, etc. Pune
Name of publisher, distributor, etc. Central Institute of Road Transport
Date of publication, distribution, etc. 2002
300 ## - PHYSICAL DESCRIPTION
Extent 121p.
650 ## - SUBJECT ADDED ENTRY--TOPICAL TERM
Topical term or geographic name entry element Moter vichel
700 ## - ADDED ENTRY--PERSONAL NAME
Personal name Kadam, V.A.
Holdings
Withdrawn status Lost status Damaged status Not for loan Permanent Location Current Location Date acquired Full call number Barcode Date last seen Price effective from Koha item type
        Indian Institute of Public Administration Indian Institute of Public Administration 2004-12-15 L26 R141 79814 2018-07-21 2018-07-21 Book

Powered by Koha